Statistics for NBA Team Relocations

Click here to take the quiz!

General Stats

  • This quiz has been taken 48 times
  • The average score is 8 of 12

Answer Stats

Previous CityYear MovedCurrent Team% Correct
New Jersey2012Brooklyn Nets
98%
Minneapolis1960Los Angeles Lakers
84%
New Orleans1979Utah Jazz
84%
San Francisco1971Golden State Warriors
78%
San Diego1984Los Angeles Clippers
78%
Baltimore1973Washington Wizards
78%
St. Louis1968Atlanta Hawks
69%
Fort Wayne1957Detroit Pistons
62%
Kansas City1985Sacramento Kings
60%
Oklahoma City*2007New Orleans Pelicans
58%
Syracuse1963Philadelphia 76ers
49%
San Diego1971Houston Rockets
38%

Score Distribution

Percentile by Number Answered

Percent of People with Each Score

Your Score History

You have not taken this quiz